000
00338 a2200169 4500
001
191032
020
_a
978-85-7153-285-4
040
_c
Magnum
100
_a
Margarida, JĂșlio
240
1
0
_a
A escolha
_l
por
245
1
0
_a
A escolha
300
_a
52
362
0
_a
2012
440
1
_a
RHJ
697
_a
LITERATURA JUVENIL
942
_c
BK
999
_c
191032
_d
191032